Statistiques concernant Villes de France les plus au Nord

Cliquez ici pour prendre le quiz!

Statistiques générales

  • Ce quiz a été pris 698 fois
  • Le résultat moyen est 10 sur 16

Statistiques - réponses

LatitudeVille% Correct
50°38Lille
99%
48°51Paris
82%
48°34Strasbourg
76%
49°29Le Havre
69%
48°06Rennes
69%
49°53Amiens
68%
49°26Rouen
68%
49°07Metz
67%
49°15Reims
66%
48°41Nancy
65%
49°10Caen
63%
48°23Brest
58%
47°54Orleans
51%
48°00Le Mans
35%
48°50Boulogne
33%
48°51Montreuil
15%

Distribution des résultats

Percentile par nombre de réponses

% des personnes avec chaque résultat

Votre développement - résultats

Vous n’avez pas pris ce quiz